000 01512nam a2200253Ia 4500
003 Ost
005 20260507075656.0
008 260507s9999||||xx |||||||||||||| ||und||
040 _cfsecg
041 _aara
082 _a336
100 _aعجام، ميثم صاحب
_eمؤلف
245 0 _aتخطيط المال العام :
_bسياسة تعبئة الموارد وادارة المصروفات العامة /
_c ميثم صاحب عجام
260 _aعمان:
_bدار الكندي,
_c2002
300 _a551 صفحة؛
_bإيضاحات ؛
_c24 سم
504 _aالمراجع ص.343
520 _aأهمية التخطيط المالي للقطاع العام، أهمية التخطيط في الأنظمة الاقتصادية المختلفة، المال العام والقطاع العام، السياسات الاقتصادية العامة، الأهداف الأساسية لتخطيط المال العام، تخطيط الانفاق العام الجاري، تخطيط الانفاق العام التنموي، ادارة المصروفات العامة، تخطيط الايراد العام، تطور مصادر التمويل المساعدة للايراد العام، تخطيط النقد الأجنبي.
653 _aالجوانب الإقتصادية
653 _aالسياسة الاقتصادية
653 _aالسياسة المالية
653 _aالمالية العامة
700 _aسعود، علي
_eمؤلف ثانوي
942 _cكتاب
999 _c45695
_d45695